|
|
|
|
| LEADER |
00000nam0a2200000 4500 |
| 001 |
24013 |
| 005 |
20231101205602.0 |
| 010 |
|
|
|a 5891234149
|
| 035 |
|
|
|a (RuTPU)RU\TPU\book\24238
|
| 035 |
|
|
|a BOOK00024311
|
| 090 |
|
|
|a 24013
|
| 100 |
|
|
|a 20011209d2000 k y0rusy50 ca
|
| 101 |
0 |
|
|a rus
|
| 102 |
|
|
|a RU
|
| 105 |
|
|
|a y z 000zy
|
| 200 |
1 |
|
|a Права человека как фактор стратегии устойчивого развития
|f Российская академия наук (РАН), Институт государства и права (ИГП) ; отв. ред. Е. А Лукашева
|
| 210 |
|
|
|a Москва
|c Норма
|d 2000
|
| 215 |
|
|
|a 320 с.
|
| 225 |
1 |
|
|a Российское государство и право: теория и действительность
|
| 606 |
1 |
|
|a Права человека
|x Международная защита
|2 stltpush
|3 (RuTPU)RU\TPU\subj\51067
|9 69679
|
| 606 |
1 |
|
|a Права и обязанности граждан
|y Россия
|y СССР
|2 stltpush
|3 (RuTPU)RU\TPU\subj\51065
|9 69677
|
| 610 |
1 |
|
|a право
|
| 610 |
1 |
|
|a международное право
|
| 610 |
1 |
|
|a экологическое право
|
| 610 |
1 |
|
|a вооруженные конфликты
|
| 610 |
1 |
|
|a Россия
|
| 610 |
1 |
|
|a человек
|
| 686 |
|
|
|a Х911
|v LBC/SL-A
|2 rubbk
|
| 686 |
|
|
|a Х620.3
|v LBC/SL-A
|2 rubbk
|
| 702 |
|
1 |
|a Лукашева
|b Е. А
|g Елена Андреевна
|4 340
|
| 712 |
0 |
2 |
|a Российская академия наук (РАН)
|b Институт государства и права (ИГП)
|c (Москва)
|2 stltpush
|3 (RuTPU)RU\TPU\col\169
|
| 801 |
|
0 |
|a RU
|b 63413507
|c 20011209
|g PSBO
|
| 801 |
|
2 |
|a RU
|b 63413507
|c 20180910
|g PSBO
|
| 942 |
|
|
|c BK
|